| 000 | 00734nam a2200205 u 4500 | ||
|---|---|---|---|
| 001 | 000559483 | ||
| 003 | AM-YeHGA | ||
| 005 | 20250617140316.0 | ||
| 008 | 071130s1988 ||| r 000 0 rus d | ||
| 020 | _a5280002240 | ||
| 040 | _aAM-YeHGA | ||
| 041 | 1 |
_arus _hukr |
|
| 100 | 1 | _aСосюра, Владимир Николаевич | |
| 245 | 1 | 0 |
_aКрылья : _bСтихи : Пер. с укр. / _cВладимир Сосюра. |
| 260 |
_aМосква : _bХудож. лит., _c1988. |
||
| 300 | _a302 с. | ||
| 505 | 0 | _aСтихотворения; Поэмы: Красная зима; Оксана; Железная дорога; Тарас Трясило | |
| 653 | 0 | _aУкраинская поэзия | |
| 090 | _c219127 | ||
| 999 |
_c217602 _d217602 |
||